| 000 | 00855nam a2200229Ia 4500 | ||
|---|---|---|---|
| 008 | 0000002004 us ad 0000000000eng00 | ||
| 020 | _a974009210 | ||
| 090 | _aPUS00 H31h | ||
| 100 | 1 | _aHickey, Dave | |
| 245 | 1 | 0 |
_aHelen Lundeberg _b: and the illusory landscape, five decades of painting _c/ introduction Dave Hickey ; essay Diane D. Moran |
| 300 |
_a136 p. _c/ 28 cm. |
||
| 500 | _aCon el patronazgo del maestro venezolano Jesús Rafael Soto (q.e.p.d.) | ||
| 600 | 0 | 0 |
_aLUNDEBERG, HELEN, 19081999/ _xTRABAJOS PICTORICOS |
| 650 | 1 | 4 | _aARTE CONTEMPORANEO ESTADOUNIDENSE |
| 650 | 1 | 4 | _aARTISTAS PLASTICOS ESTADOUNIDENSES |
| 650 | 1 | 4 | _xCATALOGOS |
| 650 | 1 | 4 | _xEXPOSICIONES |
| 650 | 1 | 4 | _aPINTORES ESTADOUNIDENSES |
| 650 | 1 | 4 | _aPINTURA ESTADOUNIDENSE |
| 700 | 1 | _aMoran, Diane | |
| 999 |
_c22 _d22 |
||
| 260 |
_aLos Angeles : Louis Stern Fine Arts _c2004 |
||